Huracán Mitch causa tragedia y desaciertos /

Gardado en:
Detalles Bibliográficos
Autor Principal: Chaves, Cristian
Formato: Texto
Materias:
Etiquetas: Engadir etiqueta
Sen Etiquetas, Sexa o primeiro en etiquetar este rexistro!

MARC

LEADER 00000 a a2200000 04500
001 2342
003
040
100 |a Chaves, Cristian  
245 |a Huracán Mitch causa tragedia y desaciertos /  |c Cristian Chaves  
650 |a DESASTRES  
650 |a CONSECUENCIAS SOCIALES  
650 |a CONSECUENCIAS ECONOMICAS  
773 |g volumen 17, número 3; páginas 32,30-31  
999 |c 20408  |d 20408